000
00299cam a22001097a 4500
008
180718b1923 xxu||||| |||| 00| 0 eng d
082
_a
A42x5444
100
_a
Mysore Legislative Department
245
_a
Code of the laws in force in Mysore
260
_a
Bangalore
_b
The author
_c
1923
300
_a
385+p.
999
_c
488506
_d
488506